000 01167nam a22003137a 4500
001 BR8501225
003 BR-BrBNA
005 20230928092106.0
007 ta
008 230509b bl.||||| |||| 00| 0 por d
040 _aBR-BrBNA
_bpor
_cBiblioteca Nacional de Agricultura
041 _a(Por)
072 _aF00; F27
_b0120
_b1410
_b/G514
090 _ 0120 BR8501225
100 1 _aReis, W.P.
110 1 _aEscola Superior de Agricultura de Lavras, MG (Brasil)
_0Tese (Mestrado)
245 1 _aAnalise de crescimento de milho e feijao em monocultivo e consorciados em diferentes arranjos da semeadura destas culturas [Zea mays, Phaseolus vulgaris, Brasil]
246 1 _a[Growth analysis of maize and bean in monoculture and intercropped in varying seed arrangements of those crops [Zea mays, Phaseolus vulgaris, Brazil]]
260 3 _aLavras, MG (Brasil):
_c1984.
300 _a121 p.
500 _a28 illus.; Bibliography p. 69-84 (100 ref.); Summaries (Eng, Por)
650 _aCONSORCIACAO DE CULTURA
650 _aMILHO
650 _aFEIJAO
650 _aMONOCULTURA
650 _aSEMEADURA
909 _a202309
_bLucia
_c55
_dLucia Elande
942 _cBK
999 _c37095
_d37095